Tratado de los trastornos de ansiedad (Registro nro. 9314)

Detalles MARC
000 -Cabecera
Campo de control de longitud fija 01041nam a22003737a 4500
005 - Fecha y hora de la última transacción
Campo de control 20250821121439.0
008 - Elementos de longitud fija--Información general
Campo de control de longitud fija 170424b2010 xxu||||| |||| 00| 0 spa d
020 ## - International Standard Book Number
Número Internacional Estándar del Libro (ISBN) 8497060695
041 ## - Idioma
Código de idioma Español
082 ## - Clasificación Decimal Dewey
Número de clasificación 616.852.2 S819t
100 ## - Entrada principal--Autor personal
Nombre personal Stein, Dan J.
9 (RLIN) 42307
100 ## - Entrada principal--Autor personal
Nombre personal Hollander, Eric
245 ## - Título propiamente dicho
Título Tratado de los trastornos de ansiedad
260 ## - Pie de imprenta
Lugar de publicación, distribución, etc. España
260 ## - Pie de imprenta
Nombre del editor, distribuidor, etc. Ars Médica
260 ## - Pie de imprenta
Fecha de publicación, distribución, etc. 2010
300 ## - Descripción física
Extensión 609 páginas
490 ## - Serie
Título de la Serie Temática General
650 ## - Materia general
Temática (materia general) TRASTORNOS DE ANSIEDAD
650 ## - Materia general
Temática (materia general) MODELOS PRECLÍNICOS
650 ## - Materia general
Temática (materia general) CIRCUITOS NEURALES
650 ## - Materia general
Temática (materia general) TRASTORNOS DE ANSIEDAD GENERALIZADA
650 ## - Materia general
Temática (materia general) TRASTORNO ANSIOSO
650 ## - Materia general
Temática (materia general) TRASTORNO DEPRESIVO
650 ## - Materia general
Temática (materia general) TRASTORNO OBSESIVO
650 ## - Materia general
Temática (materia general) TRASTORNO COMPULSIVO
650 ## - Materia general
Temática (materia general) TRASTORNO DE ANGUSTIA
650 ## - Materia general
Temática (materia general) TRASTORNO AGORAFOBIA
650 ## - Materia general
Temática (materia general) FOBIA SOCIAL
650 ## - Materia general
Temática (materia general) FOBIA ESPECÍFICA
650 ## - Materia general
Temática (materia general) TRASTORNO DE ESTRÉS POSTRAUMÁTICO
650 ## - Materia general
Temática (materia general) TRASTORNO DE ESTRÉS AGUDO
942 ## - Punto de acceso adicional KOHA
Tipo de ítem KOHA Libro
Fuente del sistema de clasificación o colocación Dewey Decimal Classification
Existencias
Signatura completa Código de barras Programa Académico Tipo de ítem
616.852.2 S819t 22067 Temática General Libro